Home is on top of a doghouse
| Main Author: | |
|---|---|
| Format: | Book |
| Published: |
Singapore :
Federal Publications ,
1966
|
| Subjects: |
MARC
| LEADER | 00000cam a2200000 7i4500 | ||
|---|---|---|---|
| 001 | 0000002976 | ||
| 002 | 000003221 | ||
| 005 | 20000330.0 | ||
| 020 | |a 9810120281 | ||
| 090 | 0 | 0 | |a JF |b SCH |
| 100 | 1 | |a Schulz, Charles M | |
| 245 | 1 | 0 | |a Home is on top of a doghouse |c Charles M.Schulz |
| 260 | |a Singapore : |b Federal Publications , |c 1966 | ||
| 300 | |a s.l : |b ill ; |c 17cm. | ||
| 650 | 0 | 0 | |a Children's stories |
| 999 | |a 036530 |b BUKU |c PINJAMAN |e PERPUSTAKAAN KOMUNITI PETALING JAYA | ||